[Event "Mostoles op 10th"]
[Site "Mostoles"]
[Date "2019.07.18"]
[Round "1"]
[White "Raya Rodriguez, Juan"]
[Black "Garcia Fernandez, Pablo"]
[Result "1-0"]
[WhiteElo "1730"]
[BlackElo "1190"]
[PlyCount "77"]
[EventDate "2019.07.18"]
[EventType "swiss"]
[EventRounds "9"]
[EventCountry "ESP"]
[SourceTitle "EXT 2020"]
[Source "ChessBase"]
[SourceDate "2019.10.17"]
[SourceVersion "1"]
[SourceVersionDate "2019.10.17"]
[SourceQuality "1"]

1. d4 d5 2. Bf4 f6 3. e3 Nc6 4. Nf3 g5 5. Nxg5 fxg5 6. Qh5+ Kd7 7. Bxg5 Nf6 8. Bxf6 exf6 9. Bb5 a6 10. Qxd5+ Ke8 11. Bxc6+ bxc6 12. Qh5+ Ke7 13. 0-0 Qd5 14. Qe2 Rg8 15. f3 Bh6 16. Nc3 Qg5 17. Rae1 c5 18. Ne4 Qf5 19. Nxc5 Rb8 20. b3 Rb5 21. e4 Qh5 22. e5 fxe5 23. Qxe5+ Qxe5 24. Rxe5+ Kd6 25. c4 Rxc5 26. Rxc5 Be3+ 27. Kh1 Bxd4 28. Rd5+ Kc6 29. Rxd4 Re8 30. Re4 Rd8 31. Rfe1 Rd2 32. R4e2 Rd4 33. Kg1 Bf5 34. Kf2 Bd3 35. Rd2 Kc5 36. Red1 a5 37. Rxd3 Rxd3 38. Rxd3 Kb4 39. f4 1-0

[Event "Madrid-ch Previa-B"]
[Site "Madrid"]
[Date "2016.02.27"]
[Round "9"]
[White "Raya Rodriguez, Juan"]
[Black "Barragan Panal, Juan Jose"]
[Result "1/2-1/2"]
[WhiteElo "1652"]
[BlackElo "1681"]
[PlyCount "46"]
[EventDate "2016.02.04"]
[EventType "swiss"]
[EventRounds "9"]
[EventCountry "ESP"]
[SourceTitle "CBM 171 Extra"]
[Source "ChessBase"]
[SourceDate "2016.04.26"]
[SourceVersion "1"]
[SourceVersionDate "2016.04.26"]
[SourceQuality "1"]

1. d4 Nf6 2. c4 e6 3. g3 Be7 4. Nf3 b6 5. Bg2 Bb7 6. 0-0 0-0 7. Nbd2 d6 8. Qc2 Nbd7 9. e4 e5 10. dxe5 dxe5 11. Rd1 Bd6 12. Ne1 a5 13. Nf1 Nc5 14. f3 Qe7 15. Ne3 g6 16. b3 Rad8 17. Bb2 c6 18. Bh3 Bc7 19. a4 Rxd1 20. Rxd1 Rd8 21. Ba3 Rxd1 22. Qxd1 Bd6 23. Bb2 Bc7 1/2-1/2

[Event "Madrid-ch Previa-B"]
[Site "Madrid"]
[Date "2016.02.13"]
[Round "5"]
[White "Raya Rodriguez, Juan"]
[Black "Tronch Ilzarbe, Carlos Maria"]
[Result "0-1"]
[WhiteElo "1652"]
[BlackElo "1744"]
[PlyCount "86"]
[EventDate "2016.02.04"]
[EventType "swiss"]
[EventRounds "9"]
[EventCountry "ESP"]
[SourceTitle "CBM 171 Extra"]
[Source "ChessBase"]
[SourceDate "2016.04.26"]
[SourceVersion "1"]
[SourceVersionDate "2016.04.26"]
[SourceQuality "1"]

1. d4 Nf6 2. Nf3 e6 3. Bg5 Be7 4. e3 b6 5. Bd3 Bb7 6. Nbd2 d5 7. c3 Nbd7 8. 0-0 0-0 9. Ne5 Ne4 10. Bxe7 Qxe7 11. f3 Nxe5 12. dxe5 Nc5 13. Bc2 Ba6 14. Rf2 Nd3 15. Bxd3 Bxd3 16. Nb3 Ba6 17. f4 c5 18. a4 Rad8 19. Qc2 f6 20. exf6 Rxf6 21. Rd1 e5 22. f5 e4 23. g4 Rfd6 24. Rg2 Qe5 25. Qf2 Bc4 26. Qc2 Kh8 27. Nc1 Ba6 28. Ne2 Bd3 29. Qc1 Bxe2 30. Rxe2 h5 31. gxh5 Qxf5 32. Rf1 Qxh5 33. Rg2 Rg6 34. Qc2 Rdd6 35. Rf8+ Kh7 36. Rff2 Rxg2+ 37. Rxg2 Rf6 38. c4 Qf3 39. Kh1 d4 40. exd4 cxd4 41. Qc1 Qf1+ 42. Rg1 Qxc1 43. Rxc1 e3 0-1